Statistics for Capital city etymologies map quiz

Click here to take the quiz!

General Stats

  • This quiz has been taken 40 times
  • The average score is 12 of 50

Answers on the Map

Answers color-coded by a green-red scale on the quiz's map according to % correct below.
 

Answer Stats

Answer% Correct
Fair winds
79%
The Peace
76%
Abode of Islam
65%
Red Hero
65%
Three Cities
62%
Saint Joseph
59%
East Capital
56%
Holy Saviour
56%
I saw a mountain
56%
Wisdom
47%
Capital
44%
North Capital
44%
Saint Thomas
44%
Lion City
41%
Smoky Bay
35%
Anchor
32%
Free Town
32%
Windy Corner
29%
Beach
26%
Black Pool
26%
Merchant's Harbour
26%
White City
26%
New Port
21%
Danish Castle
18%
Muddy Confluence
18%
End of an elephant's trunk
15%
Little Castle City
15%
Meeting place
15%
Crocodile River
12%
Low Land
12%
Log Islet
9%
Palace Field
9%
Abode of Love
6%
Father of Gazelle
6%
Gardens
6%
New Flower
6%
Sticky Tree
6%
The Islands
6%
Under the Small Hill
6%
Victorious Deed
6%
Flat Land
3%
Live In Peace
3%
Monday
3%
The Victorious
3%
Warm Springs
3%
Abode of Kings
0%
Fountain
0%
Place of Rest
0%
Place of the Red Sandstone
0%
Stone City
0%

Score Distribution

Percentile by Number Answered

Percent of People with Each Score

Your Score History

You have not taken this quiz